000 01415nam a2200361Ia 4500
001 ebr10080974
003 CaPaEBR
006 m u
007 cr cn|||||||||
008 010216s2003 enka sb 001 0 eng d
015 _aGBA1-Y3563
020 _z0761973265
020 _z0761973273 (pbk.)
040 _aCaPaEBR
_cCaPaEBR
035 _a(OCoLC)84373682
050 1 4 _aHD77
_b.L39 2003eb
082 0 4 _a338.90072
_221
100 1 _aLaws, Sophie,
_cDr.
245 1 0 _aResearch for development
_h[electronic resource] :
_ba practical guide /
_cSophie Laws [with Caroline Harper & Rachel Marcus].
260 _aLondon ;
_aThousand Oaks, Calif. :
_bSAGE,
_c2003.
300 _axiii, 475 p. :
_bill.
500 _a"Save the Children"--P. [4] of cover.
500 _aCo-authors from cover.
504 _aIncludes bibliographical references (p. [462]-468) and index.
533 _aElectronic reproduction.
_bPalo Alto, Calif. :
_cebrary,
_d2009.
_nAvailable via World Wide Web.
_nAccess may be limited to ebrary affiliated libraries.
650 0 _aEconomic development
_xResearch
_xMethodology.
650 0 _aEconomic policy.
655 7 _aElectronic books.
_2local
700 1 _aHarper, Caroline,
_d1959-
700 1 _aMarcus, Rachel.
710 2 _aebrary, Inc.
856 4 0 _uhttp://site.ebrary.com/lib/rucke/Doc?id=10080974
_zAn electronic book accessible through the World Wide Web; click to view
999 _c157943
_d157943